<?xml version="1.0" encoding="UTF-8"?>
<record
    xmlns:xsi="http://www.w3.org/2001/XMLSchema-instance"
    xsi:schemaLocation="http://www.loc.gov/MARC21/slim http://www.loc.gov/standards/marcxml/schema/MARC21slim.xsd"
    xmlns="http://www.loc.gov/MARC21/slim">

  <leader>00699nam a22002177a 4500</leader>
  <controlfield tag="005">20230411095629.0</controlfield>
  <controlfield tag="008">230411b        sa ||||| |||| 00| 0 zul d</controlfield>
  <datafield tag="020" ind1=" " ind2=" ">
    <subfield code="a">9780796228581</subfield>
  </datafield>
  <datafield tag="040" ind1=" " ind2=" ">
    <subfield code="c">[RDA]</subfield>
  </datafield>
  <datafield tag="082" ind1=" " ind2=" ">
    <subfield code="2">23</subfield>
    <subfield code="a">ZUL J F MADO</subfield>
  </datafield>
  <datafield tag="100" ind1=" " ind2=" ">
    <subfield code="a">Madondo, LM.M.S. ; Zungu, R.T.</subfield>
    <subfield code="9">178799</subfield>
  </datafield>
  <datafield tag="245" ind1=" " ind2=" ">
    <subfield code="a">Thanda umzimba wakho /</subfield>
    <subfield code="c">Imidwebo: u-Esther Boshoff</subfield>
  </datafield>
  <datafield tag="260" ind1=" " ind2=" ">
    <subfield code="a">Cape Town:</subfield>
    <subfield code="b">Pearson South Africa (Pty) Ltd,</subfield>
    <subfield code="c">2009.</subfield>
  </datafield>
  <datafield tag="300" ind1=" " ind2=" ">
    <subfield code="a">16 pages</subfield>
    <subfield code="b">paperback; colour illustrations</subfield>
    <subfield code="c">21cm</subfield>
  </datafield>
  <datafield tag="490" ind1=" " ind2=" ">
    <subfield code="a">Spot On: always learning</subfield>
    <subfield code="v">ibanga 1</subfield>
  </datafield>
  <datafield tag="521" ind1=" " ind2=" ">
    <subfield code="a">ibanga 1</subfield>
    <subfield code="b">title of the book</subfield>
  </datafield>
  <datafield tag="700" ind1=" " ind2=" ">
    <subfield code="a">Boshoff, Esther</subfield>
    <subfield code="e">illustrator</subfield>
    <subfield code="9">177109</subfield>
  </datafield>
  <datafield tag="942" ind1=" " ind2=" ">
    <subfield code="x">Patrick Mahlalela</subfield>
    <subfield code="w">378</subfield>
    <subfield code="y">378</subfield>
    <subfield code="z">Patrick Mahlalela</subfield>
  </datafield>
  <datafield tag="942" ind1=" " ind2=" ">
    <subfield code="2">ddc</subfield>
  </datafield>
  <datafield tag="942" ind1=" " ind2=" ">
    <subfield code="2">ddc</subfield>
    <subfield code="c">BOOK</subfield>
  </datafield>
  <datafield tag="999" ind1=" " ind2=" ">
    <subfield code="c">751255</subfield>
    <subfield code="d">751254</subfield>
  </datafield>
  <datafield tag="952" ind1=" " ind2=" ">
    <subfield code="0">0</subfield>
    <subfield code="1">0</subfield>
    <subfield code="2">ddc</subfield>
    <subfield code="4">0</subfield>
    <subfield code="7">0</subfield>
    <subfield code="8">F</subfield>
    <subfield code="a">STANRL</subfield>
    <subfield code="b">PERD</subfield>
    <subfield code="c">CHILD</subfield>
    <subfield code="d">2023-04-11</subfield>
    <subfield code="g">48.42</subfield>
    <subfield code="l">1</subfield>
    <subfield code="o">ZUL J F MADO</subfield>
    <subfield code="p">33228031014289</subfield>
    <subfield code="r">2025-09-10</subfield>
    <subfield code="s">2025-08-28</subfield>
    <subfield code="w">2023-04-11</subfield>
    <subfield code="y">BOOK</subfield>
  </datafield>
  <datafield tag="952" ind1=" " ind2=" ">
    <subfield code="0">0</subfield>
    <subfield code="1">0</subfield>
    <subfield code="2">ddc</subfield>
    <subfield code="4">0</subfield>
    <subfield code="7">0</subfield>
    <subfield code="8">F</subfield>
    <subfield code="a">STANRL</subfield>
    <subfield code="b">GROOL</subfield>
    <subfield code="c">CHILD</subfield>
    <subfield code="d">2023-10-02</subfield>
    <subfield code="g">48.42</subfield>
    <subfield code="l">0</subfield>
    <subfield code="o">ZUL J F MADO</subfield>
    <subfield code="p">33228031013409</subfield>
    <subfield code="r">2023-10-02</subfield>
    <subfield code="w">2023-10-02</subfield>
    <subfield code="y">BOOK</subfield>
  </datafield>
  <datafield tag="952" ind1=" " ind2=" ">
    <subfield code="0">0</subfield>
    <subfield code="1">0</subfield>
    <subfield code="2">ddc</subfield>
    <subfield code="4">0</subfield>
    <subfield code="7">0</subfield>
    <subfield code="8">F</subfield>
    <subfield code="a">SILIL</subfield>
    <subfield code="b">SILIL</subfield>
    <subfield code="c">CHILD</subfield>
    <subfield code="d">2024-11-29</subfield>
    <subfield code="g">48.42</subfield>
    <subfield code="l">0</subfield>
    <subfield code="o">ZUL KF MADO</subfield>
    <subfield code="p">3322803175475</subfield>
    <subfield code="r">2024-11-29</subfield>
    <subfield code="w">2024-11-29</subfield>
    <subfield code="y">BOOK</subfield>
  </datafield>
  <datafield tag="952" ind1=" " ind2=" ">
    <subfield code="0">0</subfield>
    <subfield code="1">0</subfield>
    <subfield code="2">ddc</subfield>
    <subfield code="4">0</subfield>
    <subfield code="7">0</subfield>
    <subfield code="8">F</subfield>
    <subfield code="a">MKHWL</subfield>
    <subfield code="b">MKHWL</subfield>
    <subfield code="c">CHILD</subfield>
    <subfield code="d">2025-02-18</subfield>
    <subfield code="g">85.00</subfield>
    <subfield code="l">0</subfield>
    <subfield code="o"> ZUL KF MADO</subfield>
    <subfield code="p">3322803174730</subfield>
    <subfield code="r">2025-02-18</subfield>
    <subfield code="w">2025-02-18</subfield>
    <subfield code="y">BOOK</subfield>
  </datafield>
</record>
